| 000 | 00362nam a2200133Ia 4500 | ||
|---|---|---|---|
| 008 | 260604s9999 xx 000 0 und d | ||
| 020 | _a9781647255688 | ||
| 082 | _a174.4 LIT | ||
| 100 |
_aMarissa littlefield _935701 |
||
| 245 | 0 | _aRethinking Values and Ethics in Organizations 2025 | |
| 260 | _bNY Research Press | ||
| 500 | _aEthics, Organization | ||
| 942 | _cBK | ||
| 999 |
_c8525 _d8525 |
||